000 00526nam a2200205Ia 4500
003 OSt
005 20230415111816.0
008 210423s2011 xx 000 0 und d
020 _a9789381084236
040 _cAL
041 _aeng
082 _a909 JAIB
100 _aJAIN (B K).
_988746
245 _aTwentieth century world history.
260 _aDelhi
_bSwastik Publishers & Distributors
_c2011
300 _av,264
_bHB
365 _b750
_cINR
906 _acentury ; history. ; Twentieth ; world
942 _2ddc
_cBK
999 _c159836
_d159836